Trade Unionism in Malaya (Record no. 224044)
[ view plain ]
| 000 -LEADER | |
|---|---|
| fixed length control field | 00536nam a22002057a 4500 |
| 005 - DATE AND TIME OF LATEST TRANSACTION | |
| control field | 20220720161840.0 |
| 008 - FIXED-LENGTH DATA ELEMENTS--GENERAL INFORMATION | |
| fixed length control field | 220720b ||||| |||| 00| 0 eng d |
| 040 ## - CATALOGING SOURCE | |
| Transcribing agency | AL |
| 041 ## - LANGUAGE CODE | |
| Language code of text/sound track or separate title | English |
| 082 ## - DEWEY DECIMAL CLASSIFICATION NUMBER | |
| Edition number | 23 |
| Classification number | 331.880 |
| Item number | JOST |
| 100 ## - MAIN ENTRY--PERSONAL NAME | |
| Personal name | Alex Josey |
| 100 ## - MAIN ENTRY--PERSONAL NAME | |
| 9 (RLIN) | 51994 |
| 245 ## - TITLE STATEMENT | |
| Title | Trade Unionism in Malaya |
| 260 ## - PUBLICATION, DISTRIBUTION, ETC. | |
| Place of publication, distribution, etc. | Singapore |
| Name of publisher, distributor, etc. | Donald Moore |
| Date of publication, distribution, etc. | 1958 |
| 300 ## - PHYSICAL DESCRIPTION | |
| Extent | 116 p. |
| Other physical details | PB |
| Dimensions | 21.5x14 cm. |
| 650 ## - SUBJECT ADDED ENTRY--TOPICAL TERM | |
| Topical term or geographic name entry element | Labor unions |
| 9 (RLIN) | 51995 |
| 650 ## - SUBJECT ADDED ENTRY--TOPICAL TERM | |
| Topical term or geographic name entry element | Malaya |
| 9 (RLIN) | 51996 |
| 650 ## - SUBJECT ADDED ENTRY--TOPICAL TERM | |
| Topical term or geographic name entry element | Malaysia |
| 9 (RLIN) | 51997 |
| 700 ## - ADDED ENTRY--PERSONAL NAME | |
| Personal name | JOSEY (Alex) |
| 9 (RLIN) | 51998 |
| 942 ## - ADDED ENTRY ELEMENTS (KOHA) | |
| Source of classification or shelving scheme | Dewey Decimal Classification |
| Koha item type | George Fernandes Collections |
| Withdrawn status | Lost status | Source of classification or shelving scheme | Damaged status | Not for loan | Collection code | Home library | Current library | Date acquired | Total Checkouts | Full call number | Barcode | Date last seen | Price effective from | Koha item type |
|---|---|---|---|---|---|---|---|---|---|---|---|---|---|---|
| Dewey Decimal Classification | Economics | St Aloysius Library | St Aloysius Library | 03/23/2013 | 331.880 JOST | GF01934 | 07/20/2022 | 07/20/2022 | George Fernandes Collections |